000 01241cam a2200277 i 4500
003 SA-RiAUC
005 20250220072906.0
008 250220s1981 su bo g d 000 0 ara c
040 _aAE-AiULD
_bara
_cSA-RiAUC
_erda
043 _aa-su---
050 4 _b.J37 1981
082 0 4 _a915.3103
090 _a915.3103
_b ج ا س
100 1 _aالجاسر، حمد،
_d1328-1421 هجري
_eمؤلف.
245 1 2 _aالمعجم الجغرافي للبلاد العربية السعودية :
_bمعجم مختصر يحوي أسماء المدن والقرى وأهم موارد البادية /
_cتأليف حمد الجاسر.
264 1 _aالرياض :
_bدار اليمامة للبحث والترجمة والنشر،
_c1981
300 _a3 مجلد (1559 صفحة ) :
_bخرائط، صور ؛
_c24 سم.
336 _aنص
_btxt
_2rdacontent
_3كتاب
337 _aبدون وسيط
_bn
_2rdamedia
338 _aمجلد
_bnc
_2rdacarrier
440 0 _aنصوص وأبحاث جغرافية وتاريخية عن جزيرة العرب
_v19
651 7 _aالسعودية
_vمعاجم جغرافية
_2aucsh
651 7 _aالسعودية
_xجغرافيا
_2aucsh
942 _2ddc
_cBOOK
_n0
949 _aSA-JeALM
_d250220
_ueid123
_n1
999 _c6108
_d6108